[Event "4. BSP Darmstadt"]
[Site "4. BSP Darmstadt"]
[Date "2016.12.09"]
[Round "5.9"]
[White "Eiermann, Aron"]
[Black "Friedel, Thomas"]
[Result "1/2-1/2"]
[WhiteElo "1078"]
[BlackElo "1448"]
[PlyCount "63"]
[EventDate "2016.??.??"]

1. d4 d5 2. Bf4 Nf6 3. e3 Bf5 4. Nf3 Nbd7 5. Nbd2 e6 6. Ne5 Nxe5 7. Bxe5 Ne4 8.
h3 f6 9. Bh2 Bd6 10. Nf3 Bxh2 11. Nxh2 Qd6 12. c3 O-O 13. Nf3 e5 14. Nd2 exd4
15. Nxe4 Bxe4 16. cxd4 c6 17. a3 Rfe8 18. Kd2 Qe6 19. Rg1 Rad8 20. g3 Qf5 21.
Ke1 h6 22. h4 Qd7 23. Rc1 Re7 24. Bd3 Qh3 25. Bxe4 Rxe4 26. Qf3 Rde8 27. Kd2
Qd7 28. Rc3 Qc7 29. Rgc1 Qa5 30. Qd1 Qc7 31. Qa4 a6 32. Qd1 1/2-1/2

[Event "4. BSP Darmstadt"]
[Site "4. BSP Darmstadt"]
[Date "2016.12.09"]
[Round "5.8"]
[White "Brockmann, Marcus"]
[Black "Welters, Burkhard"]
[Result "1-0"]
[WhiteElo "1420"]
[BlackElo "1436"]
[PlyCount "45"]
[EventDate "2016.??.??"]

1. e4 Nf6 2. e5 Nd5 3. d4 d6 4. c4 Nb6 5. f4 dxe5 6. fxe5 Nc6 7. Be3 Bf5 8. Nc3
e6 9. Nf3 Be7 (9... Bb4 $142) 10. d5 exd5 11. cxd5 Nb4 12. Nd4 Bd7 13. Qf3 c5
14. dxc6 Bxc6 15. Bb5 Nd3+ 16. Ke2 Nxe5 17. Nxc6 bxc6 18. Bxc6+ Nxc6 19. Qxc6+
Qd7 20. Qxd7+ Kxd7 21. Rhd1+ Kc6 (21... Ke6 $142) 22. Rac1 Kb7 23. Bxb6 1-0

[Event "4. BSP Darmstadt"]
[Site "4. BSP Darmstadt"]
[Date "2016.12.08"]
[Round "5.7"]
[White "Cors, Heinz-Friedrich"]
[Black "Blanquett, Jan"]
[Result "1-0"]
[WhiteElo "1841"]
[BlackElo "1578"]
[PlyCount "117"]
[EventDate "2016.??.??"]

1. e4 e6 2. d4 d5 3. e5 c5 4. c3 Nc6 5. Nf3 Qb6 6. a3 c4 7. g3 Nge7 8. Bg2 Ng6
9. O-O Be7 10. Nbd2 Bd7 11. Rb1 Na5 12. Re1 O-O 13. h4 h6 14. h5 Nh8 15. Nh2
Nb3 16. Nxb3 Ba4 17. Qg4 Qxb3 18. Bxh6 Ng6 19. Be3 Nh8 20. Qh3 Qc2 21. Bf3 a5
22. Kg2 b5 23. Rh1 b4 24. Ng4 Rfb8 25. axb4 axb4 26. cxb4 Rxb4 27. h6 Qh7 28.
hxg7 Qxh3+ 29. Rxh3 Kxg7 30. Bh6+ Kg8 31. Bd2 Rbb8 32. Bc3 Ng6 33. Rbh1 Bc2 34.
Be2 Bb4 35. Nf6+ Kg7 36. Rh7+ Kf8 37. Nd7+ Ke7 38. Nxb8 Rxb8 39. R7h2 Bxc3 40.
bxc3 Rb3 41. Rc1 Rxc3 42. f3 Bd3 43. Rxc3 Bxe2 44. Kf2 Bd3 45. Ke3 Bf5 46. Rb2
Kf8 47. Rb7 Kg7 48. Ra3 Nh8 49. Rc7 Ng6 50. Raa7 Nh8 51. Kf4 Bd3 52. Kg5 Be2
53. f4 Bd3 54. g4 Be4 55. f5 exf5 56. gxf5 Bg2 57. e6 Be4 58. f6+ Kh7 59. exf7
1-0

[Event "4. BSP Darmstadt"]
[Site "4. BSP Darmstadt"]
[Date "2016.12.09"]
[Round "5.5"]
[White "Pauli, Walter"]
[Black "Wiewesiek, Timo"]
[Result "0-1"]
[WhiteElo "1609"]
[BlackElo "1898"]
[PlyCount "98"]
[EventDate "2016.??.??"]

1. e4 g6 2. d4 Bg7 3. Nc3 d6 4. Be3 Nf6 5. f3 O-O 6. Qd2 Re8 7. O-O-O a6 8. g4
b5 9. h4 Nc6 10. h5 e5 11. hxg6 fxg6 12. d5 Nd4 13. Bg5 Qd7 14. Nce2 Qf7 15.
Nxd4 exd4 16. Ne2 Nxd5 17. exd5 Qxd5 18. Kb1 c5 19. Bg2 Bb7 20. Rdg1 Qf7 21. f4
Bxg2 22. Rxg2 h6 23. Bh4 Re4 24. g5 h5 25. Bg3 Rae8 26. c3 Qc4 27. Re1 dxc3 28.
Nxc3 Bxc3 29. bxc3 Rxe1+ 30. Bxe1 Qe4+ 31. Kb2 Qxe1 32. Qxd6 Qe6 33. Qxc5 Rc8
34. Qd4 Rc4 35. Qd2 Rc8 36. Re2 Qf7 37. Qd6 b4 38. cxb4 Qg7+ 39. Re5 Rf8 40.
Ka3 Rxf4 41. Re8+ Kh7 42. Re7 Rf7 43. Rxf7 Qxf7 44. Qxa6 Qe7 45. Qf6 Qxf6 46.
gxf6 h4 47. f7 Kg7 48. f8=Q+ $4 {Der letzte Fehler entscheidet} (48. b5 h3 49.
f8=Q+ Kxf8 50. b6 h2 51. b7 h1=Q 52. b8=Q+ $11) 48... Kxf8 49. b5 Ke7 0-1

[Event "4. BSP Darmstadt"]
[Site "4. BSP Darmstadt"]
[Date "2016.12.09"]
[Round "5.3"]
[White "Leck, Jakob"]
[Black "Nies, Peter"]
[Result "0-1"]
[WhiteElo "1989"]
[BlackElo "2075"]
[PlyCount "120"]
[EventDate "2016.??.??"]

1. e4 e6 2. d4 d5 3. Nd2 Nf6 4. e5 Nfd7 5. Bd3 c5 6. c3 Nc6 7. Ne2 cxd4 8. cxd4
f6 9. Nf4 Nxd4 10. Qh5+ Ke7 11. Ng6+ hxg6 12. exf6+ Nxf6 13. Qxh8 Kf7 14. O-O
Bd7 15. Nf3 Nxf3+ 16. gxf3 Bd6 17. Qxd8 Rxd8 18. Kg2 Rh8 19. Rh1 e5 20. h3 Be6
21. Be3 d4 22. Bd2 Bd5 23. Rac1 e4 24. fxe4 Nxe4 25. Bc4 Rh5 26. Bxd5+ Rxd5 27.
Rhd1 $2 (27. Rcd1 Nxd2 28. Rxd2 $14) 27... Nxd2 28. Rxd2 Bf4 29. Rcd1 {(=)}
Bxd2 30. Rxd2 Ke6 31. Kf3 Kf5 32. Rd3 Ke5 33. Ke2 Rc5 34. Kd2 Ke4 35. Rg3 Rf5
36. Rxg6 Rxf2+ 37. Ke1 Rxb2 38. Rxg7 Kd3 39. h4 Rxa2 40. Rxb7 Rh2 $2 (40... a5
$142 41. Ra7 a4 42. Ra6 a3 43. h5 Ke3 44. Re6+ Kf3 45. Rf6+ $18) 41. Rxa7 Rh1+
42. Kf2 Rxh4 43. Ra3+ (43. Ke1 $11) 43... Kc2 44. Ra2+ Kb3 45. Ra8 Re4 46. Rd8
Kc3 47. Rc8+ Kd2 48. Ra8 Rf4+ 49. Kg3 Rf7 50. Ra2+ Ke3 51. Ra8 Rg7+ 52. Kh2 d3
53. Rd8 Kf2 54. Rf8+ Ke2 55. Re8+ Kd1 56. Re6 d2 57. Re8 Rg5 58. Re6 Kc2 59.
Rc6+ Kd3 60. Rd6+ Ke3 (60... Ke3 61. Re6+ Kd4 62. Rd6+ Rd5) 0-1

[Event "4. BSP Darmstadt"]
[Site "4. BSP Darmstadt"]
[Date "2016.12.09"]
[Round "5.2"]
[White "Tibke, Jonas"]
[Black "Will, Jens"]
[Result "1/2-1/2"]
[WhiteElo "1958"]
[BlackElo "1965"]
[PlyCount "111"]
[EventDate "2016.??.??"]

1. e4 e5 2. Bc4 Nc6 3. Nc3 d6 4. d3 Nge7 5. Nf3 h6 6. Nh4 Nd4 7. O-O Be6 8.
Bxe6 Nxe6 9. Nf5 g6 10. Nxe7 Bxe7 11. Nd5 c6 12. Nxe7 Qxe7 13. Be3 g5 14. a4
O-O 15. Qh5 Qf6 16. g3 Kg7 17. f4 gxf4 18. gxf4 Qg6+ 19. Qxg6+ fxg6 20. fxe5
dxe5 21. Rxf8 Nxf8 22. Ra3 Nd7 23. Rb3 b6 24. a5 c5 25. Kf2 g5 26. Ke2 Kf7 27.
c4 Ke6 28. Ra3 Rg8 29. Ra1 Rf8 30. axb6 axb6 31. h4 Rg8 32. hxg5 hxg5 33. Kf3
g4+ 34. Kg3 Rg6 35. Rh1 Nf6 36. Rh6 Rxh6 37. Bxh6 Nd7 38. Kxg4 Nb8 39. Bd2 Nc6
40. Bc3 Na7 41. Be1 Nc6 42. Bd2 Nd4 43. Bg5 b5 44. cxb5 Nxb5 45. Be3 Kd6 46.
Kf5 Nc7 47. Bxc5+ Kxc5 48. Kxe5 Nb5 49. b3 Kc6 50. d4 Nc7 51. b4 Nb5 52. d5+
Kd7 53. Kf4 Kd6 54. Ke3 Ke5 55. Kd3 Nd6 56. Ke3 1/2-1/2

[Event "4. BSP Darmstadt"]
[Site "4. BSP Darmstadt"]
[Date "2016.12.09"]
[Round "5.1"]
[White "Karimi, Farhad"]
[Black "Lukas, Anne"]
[Result "1-0"]
[WhiteElo "2043"]
[BlackElo "1717"]
[PlyCount "49"]
[EventDate "2016.??.??"]

1. d4 Nf6 2. Nf3 g6 3. c4 c5 4. Nc3 Bg7 5. g3 O-O 6. Bg2 cxd4 7. Nxd4 Nc6 8.
O-O Nxd4 9. Qxd4 d6 10. b3 Ng4 11. Qd2 Qa5 12. Bb2 Qh5 13. h3 Nf6 14. Nd5 Nxd5
15. Bxg7 Kxg7 16. g4 Qe5 17. cxd5 g5 18. Rac1 b6 19. f4 gxf4 20. Rxf4 Ba6 21.
Re4 Qf6 22. Rf1 Qh4 23. Rf5 e5 24. g5 Qh5 25. Rf6 1-0

[Event "4. BSP Darmstadt"]
[Site "4. BSP Darmstadt"]
[Date "2016.12.02"]
[Round "4.10"]
[White "Tampe, Alexander"]
[Black "Brockmann, Marcus"]
[Result "1/2-1/2"]
[WhiteElo "1535"]
[BlackElo "1420"]
[PlyCount "71"]
[EventDate "2016.??.??"]

1. e4 e5 2. Nf3 Nc6 3. d4 exd4 4. Nxd4 Bc5 5. Be3 Qf6 6. c3 Nge7 7. Bc4 Bb6 8.
O-O Ne5 9. Bb3 Qg6 10. Nd2 d6 11. N4f3 Nxf3+ 12. Qxf3 Bg4 13. Bxf7+ Qxf7 14.
Qxg4 O-O 15. Bxb6 axb6 16. a3 Ng6 17. Nf3 Qb3 18. Ng5 Rf6 19. Rab1 Ne5 20. Qd1
Qc4 21. Qd5+ Qxd5 22. exd5 Raf8 23. b3 Rg6 24. Ne6 Rff6 25. Nxc7 Nf3+ 26. Kh1
Nd2 27. Rbe1 Nxf1 28. Rxf1 Rf5 29. c4 Re5 30. Kg1 Re2 31. Rb1 Rg4 32. Nb5 Rge4
33. Kf1 Rc2 34. Re1 Rh4 35. Nxd6 h6 36. h3 {(=)} 1/2-1/2

[Event "4. BSP Darmstadt"]
[Site "4. BSP Darmstadt"]
[Date "2016.12.02"]
[Round "4.8"]
[White "Friedel, Thomas"]
[Black "Pauli, Walter"]
[Result "0-1"]
[WhiteElo "1448"]
[BlackElo "1609"]
[PlyCount "80"]
[EventDate "2016.??.??"]

1. e4 c5 2. Nf3 Nc6 3. Bb5 g6 4. O-O Bg7 5. Nc3 e6 6. d3 Nge7 7. Be3 b6 8. d4
cxd4 9. Nxd4 O-O 10. Qd2 Qc7 11. Nce2 Bb7 12. c3 Ne5 13. f3 a6 14. Ba4 Nc4 15.
Qc1 Nxe3 16. Qxe3 d5 17. Bc2 dxe4 18. Bxe4 Nd5 19. Qg5 Rad8 20. Rad1 h6 21. Qc1
b5 22. Nc2 Kh7 23. Ne3 Qb6 24. Nd4 h5 25. Nxd5 Bxd5 26. Bxd5 Rxd5 27. Kh1 Bxd4
28. Rxd4 Rxd4 29. cxd4 Qxd4 30. Rd1 Qb6 31. Rd7 Kg8 32. h4 Qf2 33. Qg5 Qxb2 34.
g4 hxg4 35. fxg4 Rc8 36. Rd1 Rc2 37. Qf4 Qc3 38. Kg1 e5 39. Qf6 Qg3+ 40. Kf1
Qg2+ 0-1

[Event "4. BSP Darmstadt"]
[Site "4. BSP Darmstadt"]
[Date "2016.12.02"]
[Round "4.7"]
[White "Brückmann, Gerd"]
[Black "Eiermann, Aron"]
[Result "*"]
[WhiteElo "1817"]
[BlackElo "1078"]
[PlyCount "69"]
[EventDate "2016.??.??"]

1. d4 b6 2. e4 e6 3. Nf3 Bb7 4. Bd3 d5 5. e5 Nc6 6. O-O Nge7 7. Nc3 Qd7 8. Re1
Ng6 9. Qe2 O-O-O 10. Ba6 Re8 11. Bd2 f6 12. a4 Kb8 13. Bxb7 Kxb7 14. Nb5 Nb4
15. Rec1 fxe5 16. dxe5 c6 17. Nbd4 c5 18. Bxb4 cxb4 19. a5 Bc5 20. axb6 Ra8 21.
Qa6+ Kb8 22. bxa7+ Rxa7 23. Nc6+ Ka8 24. Nxa7 Bxa7 25. Ra4 Rb8 26. Rca1 Rb7 27.
h4 Qe7 28. g3 Qc5 29. Qe2 h6 30. Ra6 Nf8 31. R1a5 Qe7 32. Nd4 Qc7 33. Nc6 Nd7
34. Rxa7+ Rxa7 35. Rxa7+ *

[Event "4. BSP Darmstadt"]
[Site "4. BSP Darmstadt"]
[Date "2016.12.01"]
[Round "4.6"]
[White "Kraus, Marc"]
[Black "Cors, Heinz-Friedrich"]
[Result "1-0"]
[WhiteElo "1635"]
[BlackElo "1841"]
[PlyCount "31"]
[EventDate "2016.??.??"]

1. Nf3 Nf6 2. e3 d5 3. c4 e6 4. Nc3 Be7 5. b3 c5 6. Bb2 O-O 7. Be2 Nc6 (7... d4
$142) 8. cxd5 exd5 9. d4 b6 10. O-O Bf5 11. Rc1 h6 $2 (11... Ne4 12. dxc5 Nxc3
13. Bxc3 bxc5 14. Bd3 Bxd3 15. Qxd3 Qd6 $11) 12. dxc5 bxc5 13. Na4 Ne4 14. Nd2
Qa5 $4 (14... Rc8 15. Nxe4 dxe4 16. Nxc5 Nb4 17. Bd4 Nxa2 18. Rc4 Bxc5 19. Rxc5
Rxc5 20. Bxc5 Qxd1 21. Bxd1 Ra8 22. b4 Be6 $11) 15. Nxe4 dxe4 16. Qd5 1-0

[Event "4. BSP Darmstadt"]
[Site "4. BSP Darmstadt"]
[Date "2016.12.01"]
[Round "4.5"]
[White "Welters, Burkhard"]
[Black "Lukas, Anne"]
[Result "0-1"]
[WhiteElo "1436"]
[BlackElo "1717"]
[PlyCount "82"]
[EventDate "2016.??.??"]

1. f4 c5 2. Nf3 Nc6 3. b3 d5 4. e3 Bg4 5. Be2 Bxf3 6. Bxf3 e6 7. Bb2 Nf6 8. d3
Be7 9. Nd2 Qb6 10. O-O O-O 11. Qe2 a5 12. a4 Nb4 13. Rac1 Rac8 14. Kh1 Rfd8 15.
e4 dxe4 16. Nxe4 Nxe4 17. Bxe4 Nc6 18. f5 Nd4 19. Qg4 exf5 20. Rxf5 Qg6 21.
Qxg6 hxg6 22. Rd5 Rxd5 23. Bxd5 Bg5 24. Rf1 Rc7 25. c3 Nf5 26. Re1 b6 27. Re8+
Kh7 28. g3 Nd6 29. Rb8 Re7 30. Bf3 Re1+ 31. Kg2 Rb1 32. Ba3 Rxb3 33. Bxc5 Nf5
34. Bf2 Rb2 35. Kf1 Ra2 36. Rxb6 Rxf2+ 37. Kxf2 Be3+ 38. Ke2 Bxb6 39. d4 Kg8
40. Kd3 Kf8 41. c4 Nxd4 0-1

[Event "4. BSP Darmstadt"]
[Site "4. BSP Darmstadt"]
[Date "2016.12.02"]
[Round "4.3"]
[White "Wiewesiek, Timo"]
[Black "Nies, Peter"]
[Result "0-1"]
[WhiteElo "1898"]
[BlackElo "2075"]
[PlyCount "60"]
[EventDate "2016.??.??"]

1. d4 e6 2. Bf4 Nf6 3. e3 b6 4. h3 Bb7 5. Nf3 c5 6. c3 cxd4 7. exd4 Be7 8. Nbd2
O-O 9. Bd3 d6 10. O-O Re8 11. Bg3 Nbd7 12. Re1 Bf8 13. Qb3 h6 14. a4 e5 15. Nh4
e4 16. Bf1 d5 17. Nf5 Nh5 18. Nd6 Nxg3 19. Nxb7 Qc7 20. Ba6 e3 21. fxe3 Nf6 22.
Rac1 Rab8 23. c4 Rxb7 24. Bxb7 Qxb7 25. c5 Qc7 26. cxb6 Ne2+ 27. Rxe2 Qxc1+ 28.
Nf1 axb6 29. Qxb6 Qc4 30. Ng3 Ne4 0-1

[Event "4. BSP Darmstadt"]
[Site "4. BSP Darmstadt"]
[Date "2016.12.02"]
[Round "4.2"]
[White "Heß, Steffen"]
[Black "Karimi, Farhad"]
[Result "0-1"]
[WhiteElo "2002"]
[BlackElo "2043"]
[PlyCount "50"]
[EventDate "2016.??.??"]

1. d4 c5 2. e3 cxd4 3. exd4 d5 4. Bd3 Qc7 5. Nc3 Nf6 6. Bg5 e6 7. Qf3 Bb4 8.
Bxf6 Bxc3+ 9. Ke2 gxf6 10. Qxf6 Rf8 11. bxc3 Qxc3 12. Nf3 b6 13. Rab1 Ba6 14.
Rhc1 Bc4 15. Ng5 Nd7 16. Qg7 O-O-O 17. Nxf7 Rg8 18. Nd6+ Kb8 19. Qe7 Qxd4 20.
Nf7 Rc8 21. g3 Nc5 22. Bxc4 Qxc4+ 23. Ke1 Rc7 24. Qd6 Qc3+ 25. Kf1 Ne4 0-1

[Event "4. BSP Darmstadt"]
[Site "4. BSP Darmstadt"]
[Date "2016.12.01"]
[Round "4.1"]
[White "Will, Jens"]
[Black "Leck, Jakob"]
[Result "1-0"]
[WhiteElo "1965"]
[BlackElo "1989"]
[PlyCount "47"]
[EventDate "2016.??.??"]

1. c4 c6 2. e4 d5 3. exd5 cxd5 4. cxd5 Nf6 5. Bb5+ Bd7 6. Bc4 Qc7 7. d3 b5 8.
Bb3 Qb7 9. Qf3 e6 10. Nc3 Nxd5 11. Nxd5 Bc6 12. Ne2 Bxd5 13. Bxd5 exd5 14. O-O
Na6 15. Bf4 Be7 16. Rfe1 Rd8 17. Nd4 O-O 18. Be5 Bd6 19. h3 Bxe5 20. Rxe5 Rfe8
21. Rae1 Rxe5 22. Rxe5 g6 23. Qf6 Qb6 24. Nc6 1-0

[Event "4. BSP Darmstadt"]
[Site "4. BSP Darmstadt"]
[Date "2016.11.11"]
[Round "3.10"]
[White "Tampe, Alexander"]
[Black "Blanquett, Jan"]
[Result "0-1"]
[WhiteElo "1535"]
[BlackElo "1578"]
[PlyCount "44"]
[EventDate "2016.??.??"]

1. e4 c5 2. Nf3 Nc6 3. d4 cxd4 4. Nxd4 Nf6 5. Nc3 a6 6. Be2 g6 7. Be3 Bg7 8.
Qd2 O-O 9. Bh6 Bxh6 10. Qxh6 Nxd4 11. e5 Nxc2+ 12. Kd2 Nxa1 13. exf6 exf6 14.
Rxa1 Qb6 15. Kc2 Qxf2 16. g3 d5 17. Rf1 Bf5+ 18. Kc1 Qc5 19. g4 Be4 20. Kd1 f5
21. gxf5 Bxf5 22. Rxf5 Qd4+ 0-1

[Event "4. BSP Darmstadt"]
[Site "4. BSP Darmstadt"]
[Date "2016.11.11"]
[Round "3.9"]
[White "Brockmann, Marcus"]
[Black "Kraus, Marc"]
[Result "0-1"]
[WhiteElo "1420"]
[BlackElo "1635"]
[PlyCount "66"]
[EventDate "2016.??.??"]

1. e4 c6 2. d4 d5 3. Nc3 dxe4 4. Nxe4 Nd7 5. Bc4 Ngf6 6. Ng5 e6 7. Qe2 Nb6 8.
Be3 Nxc4 9. Qxc4 Qd5 10. Qxd5 Nxd5 11. Bd2 Nb4 12. Kd1 c5 13. a3 Nc6 14. dxc5
Bxc5 15. Ne4 Be7 16. b4 b6 17. Be3 Bb7 18. f3 f6 19. Ne2 Kf7 20. Rc1 Rhd8+ 21.
Ke1 Ne5 22. Nd2 Rac8 23. Nd4 Nd3+ 24. Ke2 Nxc1+ 25. Rxc1 e5 26. Nb5 Ba6 27. a4
Bxb4 28. Ke1 Bxb5 29. axb5 Rd5 30. c4 Rxb5 31. Ke2 Bxd2 32. Bxd2 Rbc5 33. Kd3
b5 0-1

[Event "4. BSP Darmstadt"]
[Site "4. BSP Darmstadt"]
[Date "2016.11.11"]
[Round "3.8"]
[White "Pauli, Walter"]
[Black "Brückmann, Gerd"]
[Result "1/2-1/2"]
[WhiteElo "1609"]
[BlackElo "1817"]
[PlyCount "71"]
[EventDate "2016.??.??"]

1. e4 e6 2. d4 d5 3. Nd2 Nf6 4. e5 Nfd7 5. Bd3 c5 6. c3 Nc6 7. Ne2 Qb6 8. Nf3
f6 9. exf6 Nxf6 10. O-O cxd4 11. cxd4 Bd6 12. a3 O-O 13. Rb1 Bd7 14. Bf4 Qc7
15. Bxd6 Qxd6 16. Rc1 Ng4 17. h3 Rxf3 18. hxg4 Rf7 19. f4 Raf8 20. Qc2 g6 21.
g3 Rc8 (21... e5 $3 22. dxe5 Nxe5 23. fxe5 Qb6+ $19) 22. Qb1 Qf8 23. Kg2 Qg7
24. f5 gxf5 25. gxf5 Rcf8 26. fxe6 Bxe6 27. Rxf7 Rxf7 28. Rh1 Nxd4 29. Rxh7 Qf6
30. Rxf7 Bxf7 31. Nxd4 Qxd4 32. Qc2 {(=)} Qe3 33. Qc8+ Kg7 34. Qg4+ Kf6 35.
Qf4+ Qxf4 36. gxf4 1/2-1/2

[Event "4. BSP Darmstadt"]
[Site "4. BSP Darmstadt"]
[Date "2016.11.11"]
[Round "3.5"]
[White "Eiermann, Aron"]
[Black "Wiewesiek, Timo"]
[Result "0-1"]
[WhiteElo "1078"]
[BlackElo "1898"]
[PlyCount "80"]
[EventDate "2016.??.??"]

1. d4 Nf6 2. Bf4 g6 3. Nf3 Bg7 4. e3 d6 5. Nbd2 O-O 6. c3 Nbd7 7. h3 c5 8. Be2
a6 9. a4 b6 10. Nc4 Bb7 11. O-O Bc6 12. b4 Nd5 13. Qd3 cxb4 14. cxb4 Nxb4 15.
Qb3 a5 16. Na3 Qc8 17. Rfc1 Qb7 18. Bb5 Rac8 19. Nc2 Bd5 20. Qb2 Nxc2 21. Rxc2
Rxc2 22. Qxc2 Rc8 23. Qb2 Bc6 24. Rc1 Bxb5 25. Rxc8+ Qxc8 26. Qxb5 Qb7 27. Kf1
Bf8 28. d5 Nc5 29. Qc6 e6 30. Nd4 e5 31. Nb5 exf4 32. Nxd6 Qxc6 33. dxc6 Bxd6
34. exf4 Nxa4 35. g3 b5 36. Ke2 b4 37. Kd2 b3 38. Kc1 Ba3+ 39. Kb1 Nc3+ 40. Ka1
b2# 0-1

[Event "4.BSP Darmstadt"]
[Site "Darmstadt"]
[Date "2016.11.10"]
[Round "3.4"]
[White "Nies, Peter"]
[Black "Welters, Burkhard"]
[Result "1-0"]
[WhiteElo "2075"]
[BlackElo "1436"]
[PlyCount "25"]
[EventDate "2016.10.20"]
[EventType "swiss"]
[EventRounds "5"]
[EventCountry "GER"]

1. e4 Nf6 2. e5 Nd5 3. Nc3 Nxc3 4. dxc3 d6 5. Bc4 Nc6 6. Nf3 Bg4 7. Bxf7+ Kxf7
8. Ng5+ Kg8 9. Qxg4 Qc8 10. e6 Ne5 11. Qf4 h6 12. Qf7+ Nxf7 13. exf7# 1-0

[Event "4.BSP Darmstadt"]
[Site "?"]
[Date "2016.11.18"]
[Round "3.3"]
[White "Cors, HF."]
[Black "Heß, Steffen"]
[Result "0-1"]
[WhiteElo "1925"]
[BlackElo "1985"]
[Annotator "Cors,Heinz-Friedrich"]
[PlyCount "56"]
[EventDate "2016.??.??"]

1. e4 e6 2. d4 d5 3. e5 c5 4. c3 Nc6 5. Nf3 Qb6 6. a3 Nh6 7. b4 cxd4 8. cxd4
Nf5 9. Be3 f6 10. exf6 gxf6 11. Bd3 Nxe3 12. fxe3 Bd7 13. O-O Bh6 14. Qe2 O-O-O
15. Nc3 Kb8 16. Na4 Qc7 17. Nc5 e5 18. Bb5 Qd6 19. Bxc6 Bxc6 20. Nh4 exd4 21.
exd4 Rde8 22. Qd1 (22. Qd3 $142 Re3 23. Qd1) 22... b6 23. Nf5 Qf8 (23... Be3+
24. Kh1 Qd8 25. Qb3 bxc5 26. bxc5+ Ka8 27. Nxe3 Rhg8) 24. Nxh6 $2 (24. b5 Bxb5
25. Qb3 $18) (24. Na6+ Kb7 25. a4 $14) 24... Qxh6 25. Nd3 (25. Na6+ Kb7 26. a4
$11) 25... Qe3+ 26. Nf2 Bb5 27. Re1 Be2 28. Qc2 (28. Qc1 Qxd4 29. Qc6 $19)
28... Rhg8 {mit der entscheidenden Drohung 29..Txg2+} (28... Rhg8 29. Qf5 Qxd4
$19) 0-1

[Event "4. BSP Darmstadt"]
[Site "4. BSP Darmstadt"]
[Date "2016.11.11"]
[Round "3.2"]
[White "Leck, Jakob"]
[Black "Tibke, Jonas"]
[Result "1-0"]
[WhiteElo "1989"]
[BlackElo "1958"]
[PlyCount "95"]
[EventDate "2016.??.??"]

1. e4 c6 2. d4 d5 3. f3 dxe4 4. fxe4 e5 5. Nf3 exd4 6. Bc4 Bc5 7. O-O Be6 8.
Bxe6 fxe6 9. Ng5 Nf6 10. Nxe6 Qe7 11. Rxf6 Qxf6 12. Nxc5 O-O 13. Nd2 b6 14. Nd3
Nd7 15. Nf3 Rae8 16. Qe2 c5 17. Bd2 c4 18. Nf4 d3 19. cxd3 Qxb2 20. Qe1 cxd3
21. Nxd3 Qc2 22. Nf2 Nc5 23. e5 Ne6 24. Qb1 Qc6 25. Qb3 Kh8 26. Rc1 Qd7 27. Qd3
Qa4 28. Qc2 Qd7 29. Qc6 Qxc6 30. Rxc6 Rxf3 31. gxf3 Nd4 32. Rd6 Nxf3+ 33. Kg2
Nxe5 34. Bc3 Kg8 35. Rd5 Ng6 36. Rd7 Re7 37. Rxe7 Nxe7 38. Kf3 Kf7 39. Ke4 g5
40. Bd2 Kg6 41. Ng4 h5 42. Ne5+ Kf6 43. Bb4 Nf5 44. Nc6 a6 45. Bc3+ Kg6 46.
Ne5+ Kf6 47. Nd7+ Kg6 48. Nf8+ 1-0

[Event "4. BSP Darmstadt"]
[Site "4. BSP Darmstadt"]
[Date "2016.11.11"]
[Round "3.1"]
[White "Karimi, Farhad"]
[Black "Will, Jens"]
[Result "1/2-1/2"]
[WhiteElo "2043"]
[BlackElo "1965"]
[PlyCount "48"]
[EventDate "2016.??.??"]

1. d4 Nf6 2. c4 g6 3. Nc3 d5 4. cxd5 Nxd5 5. e4 Nxc3 6. bxc3 Bg7 7. Bg5 O-O 8.
Rc1 c5 9. Nf3 Bg4 10. d5 h6 11. Be3 f5 12. h3 Bxf3 13. Qxf3 Nd7 14. exf5 Qa5
15. f6 Rxf6 16. Qe4 Rd6 17. Bd3 Bxc3+ 18. Kf1 Bd2 19. Qxe7 Bxe3 20. Qxd6 Bxc1
21. Qxg6+ Kf8 22. d6 Qd2 23. Qf5+ Kg8 24. Qh7+ Kf8 1/2-1/2

[Event "Darmstadt"]
[Site "Darmstadt"]
[Date "2016.10.27"]
[Round "2.10"]
[White "Torrijos, Javier"]
[Black "Friedel, Thomas"]
[Result "1-0"]
[WhiteElo "1602"]
[BlackElo "1448"]
[PlyCount "53"]
[EventDate "2016.??.??"]

1. d4 d5 2. c4 c6 3. Nc3 Nf6 4. Nf3 dxc4 5. e3 b5 6. a4 a6 7. axb5 cxb5 8. Nxb5
Bb7 9. Nc3 Qc7 10. Qa4+ Nbd7 11. Bxc4 e6 12. Be2 Be7 13. h3 O-O 14. O-O Nb6 15.
Qb3 Nbd5 16. Bd2 Rfb8 17. Qd1 Bb4 18. Nxd5 Nxd5 19. Ne5 Bd6 20. Ba5 Qe7 21. Nc4
Qg5 22. Bf3 Qe7 23. Nxd6 Qxd6 24. Qd2 Bc6 25. Rfc1 Bb5 26. e4 Qf4 27. exd5 1-0

[Event "Darmstadt"]
[Site "Darmstadt"]
[Date "2016.10.27"]
[Round "2.9"]
[White "Kraus, Marc"]
[Black "Tampe, Alexander"]
[Result "1/2-1/2"]
[WhiteElo "1635"]
[BlackElo "1535"]
[PlyCount "57"]
[EventDate "2016.??.??"]

1. d4 d5 2. Nf3 Bf5 3. Bf4 e6 4. e3 Nf6 5. Bd3 Bxd3 6. Qxd3 Nbd7 7. Nbd2 Be7 8.
O-O O-O 9. e4 dxe4 10. Nxe4 c5 11. Rad1 Qb6 12. b3 Rfd8 13. Be3 Nxe4 14. Qxe4
Nf6 15. dxc5 Qb5 16. Qa4 Qxa4 17. bxa4 Ne4 18. Rb1 Bxc5 19. Rxb7 Bxe3 20. fxe3
Nc3 21. Ng5 Rf8 22. h3 Nxa4 23. Rfxf7 Rxf7 24. Nxf7 Nc5 25. Rc7 Na6 26. Rd7 Nb4
27. Rd8+ Rxd8 28. Nxd8 Nxc2 29. Nxe6 1/2-1/2

[Event "Darmstadt"]
[Site "Darmstadt"]
[Date "2016.10.27"]
[Round "2.8"]
[White "Nies, Peter"]
[Black "Blanquett, Jan"]
[Result "1-0"]
[WhiteElo "2075"]
[BlackElo "1578"]
[PlyCount "33"]
[EventDate "2016.??.??"]

1. e4 c5 2. Nc3 Nc6 3. Bb5 g6 4. Bxc6 bxc6 5. d3 Bg7 6. f4 d5 7. Bd2 Rb8 8. Nf3
Rxb2 9. O-O Bg4 10. Qc1 Rb7 11. Ne5 Bxe5 12. fxe5 dxe4 13. Nxe4 Qd4+ 14. Kh1
Bf5 15. Bc3 Qd5 16. Qf4 e6 17. Nd6+ 1-0

[Event "Darmstadt"]
[Site "Darmstadt"]
[Date "2016.10.27"]
[Round "2.6"]
[White "Brückmann, Gerd"]
[Black "Cors, Heinz-Friedrich"]
[Result "0-1"]
[WhiteElo "1817"]
[BlackElo "1841"]
[PlyCount "70"]
[EventDate "2016.??.??"]

1. d4 Nf6 2. c4 e6 3. g3 d5 4. Bg2 Bb4+ 5. Bd2 Be7 6. Nf3 O-O 7. Qc2 c6 8. O-O
b6 9. cxd5 cxd5 10. Rc1 Na6 11. Ne5 Bb7 12. Nc3 Nb4 13. Qa4 a6 14. a3 b5 15.
Qb3 Nc6 16. Nxc6 Bxc6 17. a4 Qb6 18. e3 Qb7 19. a5 Rac8 20. f3 Rfd8 21. Na2 Ne8
22. Bb4 Nd6 23. Bxd6 Bxd6 24. Nb4 Bd7 25. Nd3 Rc4 26. Ne5 Bxe5 27. dxe5 Rdc8
28. Rxc4 Rxc4 29. Bf1 Rc8 30. Bd3 Qc7 31. f4 Qc5 32. Kf2 g6 33. Ke2 h5 34. Kd2
Kg7 35. Qc2 Qb4+ 0-1

[Event "Darmstadt"]
[Site "Darmstadt"]
[Date "2016.10.27"]
[Round "2.5"]
[White "Heß, Steffen"]
[Black "Brockmann, Marcus"]
[Result "1-0"]
[WhiteElo "2002"]
[BlackElo "1420"]
[PlyCount "89"]
[EventDate "2016.??.??"]

1. d4 Nf6 2. Nf3 c5 3. e3 d5 4. c3 Nc6 5. Nbd2 e6 6. Bd3 cxd4 7. exd4 Bd6 8.
O-O O-O 9. Re1 Qc7 10. Nf1 e5 11. dxe5 Nxe5 12. Nxe5 Bxe5 13. Qe2 Re8 14. Bf4
Ng4 15. Qc2 g6 16. Rad1 Bd7 17. Bxe5 Nxe5 18. Ne3 Be6 19. h3 Rac8 20. Re2 Qd7
21. f4 Nxd3 22. Qxd3 d4 23. Qxd4 Qxd4 24. Rxd4 b5 25. Nd5 Bxd5 26. Rxe8+ Rxe8
27. Rxd5 a6 28. Kf2 Re4 29. Rd4 Re6 30. a4 f5 31. axb5 axb5 32. Rb4 Kf7 33.
Rxb5 Re4 34. Rb7+ Kf6 35. g3 h6 36. Rb6+ Kf7 37. Rc6 g5 38. fxg5 hxg5 39. b4
Ke7 40. b5 Kd7 41. c4 Rd4 42. c5 Rd3 43. Rd6+ Rxd6 44. cxd6 Kxd6 45. h4 1-0

[Event "Darmstadt"]
[Site "Darmstadt"]
[Date "2016.10.27"]
[Round "2.3"]
[White "Will, Jens"]
[Black "Lukas, Anne"]
[Result "1-0"]
[WhiteElo "1965"]
[BlackElo "1717"]
[PlyCount "81"]
[EventDate "2016.??.??"]

1. c4 c5 2. Nc3 g6 3. g3 Bg7 4. Bg2 e6 5. Nf3 Ne7 6. O-O O-O 7. d4 cxd4 8. Nxd4
Nbc6 9. Ndb5 d5 10. cxd5 exd5 11. Nxd5 Bg4 12. Bg5 f6 13. Bf4 Kh8 14. h3 Nxd5
15. hxg4 Nxf4 16. gxf4 f5 17. e3 Qb6 18. Qe2 fxg4 19. Nc3 Ne7 20. Qxg4 Nf5 21.
Qe2 Rad8 22. Nd5 Qa5 23. Rfd1 Nh4 24. Bh1 Rf5 25. e4 Re8 26. Qd2 Qxd2 27. Rxd2
Rf7 28. Kh2 g5 29. f5 g4 30. Kg3 Bh6 31. Rc2 Nxf5+ 32. exf5 Rxf5 33. Rd1 Bg7
34. Kxg4 Rfe5 35. Ne3 h5+ 36. Kf3 Rf8+ 37. Ke2 h4 38. Bxb7 Re7 39. Bd5 Rd8 40.
f3 Bh6 41. Be4 1-0